| 000 | 01139nam a22002297a 4500 | ||
|---|---|---|---|
| 999 |
_c60929 _d60929 |
||
| 003 | Ge_BSU | ||
| 005 | 20231121120827.0 | ||
| 008 | 231121s2022 ge ||||| |||| 00| 0 geo d | ||
| 020 | _a9789941845277 | ||
| 041 | _ageo | ||
| 080 | _a616.314-089.87(075.8) ლ-44 | ||
| 100 |
_aლეონიძე, ალ. _920440 |
||
| 245 |
_aგაუტკივარება ამბულატორიულ სტომატოლოგიაში და კბილების ექსტრაქცია : _b [სახელმძღვანელო] / _cალ. ლეონიძე, ე. ლეონიძე. |
||
| 264 |
_aთბილისი, _c2022. |
||
| 300 |
_a208 გვ. : _bსურ. ; _c29 სმ. |
||
| 500 | _aეძღვნება პროფესორ ომარ ნემსაძის ხსოვნას. | ||
| 504 | _aბიბლიოგრაფია: გვ. 208. | ||
| 653 | _aსტომატოლოგია | ||
| 653 | _aკბილის ექსტრაქცია | ||
| 700 |
_aლეონიძე, ე. _eავტორი _920441 |
||
| 942 |
_2udc _cᲬᲘᲒᲜᲘ |
||